Statystyki dla Prezenty na dzień Kobiet

Kliknij tutaj aby rozwiązać quiz!

Ogólne statystyki

  • Ten quiz został rozwiązany 192 razy
    (140 od ostatniego zresetowania)
  • Średni wynik to 4 z 14

Statystyki odpowiedzi

Odpowiedzi% Poprawnych
Kwiaty
99%
Czekoladki
72%
Pierścionek
50%
Perfumy
40%
Kolczyki
39%
Wino
28%
Łańcuszek
22%
Zegarek
21%
Torebka
17%
Portfel
7%
Skarpety
7%
Krem na zmarszczki
3%
Elektronika
2%
Karnet do Spa
2%

Rozkład punktacji

Percentyl według liczby udzielonych odpowiedzi

Procent ludzi z każdym wynikiem

Twoja historia wyników

Nie rozwiązałeś tego quizu od ostatniego zresetowania